Production management : (Record no. 548408)
[ view plain ]
| 000 -LEADER | |
|---|---|
| fixed length control field | 00648cam a2200181 i 4500 |
| 020 ## - INTERNATIONAL STANDARD BOOK NUMBER | |
| International Standard Book Number | 0901945250 |
| 082 00 - DEWEY DECIMAL CLASSIFICATION NUMBER | |
| Classification number | 658.5 |
| Author Mark | LOC |
| -- | L-26, P-65 |
| 100 1# - MAIN ENTRY--PERSONAL NAME | |
| Personal name | Lockyer, K. G. |
| 9 (RLIN) | 44664 |
| 245 10 - TITLE STATEMENT | |
| Title | Production management : |
| Remainder of title | the unaccepted challenge / |
| Statement of responsibility, etc. | by K. G. Lockyer. |
| 260 ## - PUBLICATION, DISTRIBUTION, ETC. | |
| Place of publication, distribution, etc. | [Bradford] : |
| Name of publisher, distributor, etc. | [University of Bradford], |
| Date of publication, distribution, etc. | [1976] |
| 300 ## - PHYSICAL DESCRIPTION | |
| Extent | [1], 21 p. : |
| Other physical details | 3 ill. ; |
| Dimensions | 21 cm. |
| 500 ## - GENERAL NOTE | |
| General note | An inaugural lecture delivered at the University of Bradford on 28 October 1975. |
| 526 ## - STUDY PROGRAM INFORMATION NOTE | |
| Program name | 0 |
| Interest level | 0 |
| Reading level | 0 |
| Title point value | 658_500000000000000_LOC |
| 526 ## - STUDY PROGRAM INFORMATION NOTE | |
| Program name | 0 |
| Interest level | 0 |
| Reading level | 0 |
| Title point value | 658_500000000000000_LOC |
| 650 #0 - SUBJECT ADDED ENTRY--TOPICAL TERM | |
| Topical term or geographic name entry element | MCE |
| 9 (RLIN) | 379 |
| 650 #0 - SUBJECT ADDED ENTRY--TOPICAL TERM | |
| Topical term or geographic name entry element | Production management. |
| 9 (RLIN) | 1879 |
| 942 ## - ADDED ENTRY ELEMENTS (KOHA) | |
| Source of classification or shelving scheme | |
| Koha item type | Book |
| Withdrawn status | Lost status | Source of classification or shelving scheme | Damaged status | Not for loan | Permanent Location | Current Location | Date acquired | Total Checkouts | Full call number | Barcode | Date last seen | Price effective from | Koha item type |
|---|---|---|---|---|---|---|---|---|---|---|---|---|---|
| Military College of Engineering (MCE) | Military College of Engineering (MCE) | 08/27/2014 | 658.5 LOC | MCE-14376 | 08/27/2014 | 08/27/2014 | Book | ||||||
| Military College of Engineering (MCE) | Military College of Engineering (MCE) | 08/27/2014 | 658.5 LOC | MCE-14375 | 08/27/2014 | 08/27/2014 | Book |
